A terrible matriarchy : (Record no. 9732)

MARC details
000 -LEADER
fixed length control field 00630 a2200193 4500
010 ## - LIBRARY OF CONGRESS CONTROL NUMBER
LC control number ENG-88992
020 ## - INTERNATIONAL STANDARD BOOK NUMBER
Terms of availability 295.00
International Standard Book Number 9788189884079
035 ## - SYSTEM CONTROL NUMBER
System control number EN-72525
037 ## - SOURCE OF ACQUISITION
Source of stock number/acquisition DBAD / PUB
082 14 - DEWEY DECIMAL CLASSIFICATION NUMBER
Classification number N
090 ## - LOCALLY ASSIGNED LC-TYPE CALL NUMBER (OCLC); LOCAL CALL NUMBER (OCLC)
-- 9919
-- 9919
100 ## - MAIN ENTRY--PERSONAL NAME
Personal name Iralu, Easterine
245 10 - TITLE STATEMENT
Title A terrible matriarchy :
Statement of responsibility, etc by Easterine Iralu
Remainder of title a novel /
260 ## - PUBLICATION, DISTRIBUTION, ETC. (IMPRINT)
Place of publication, distribution, etc New Delhi
Name of publisher, distributor, etc Zubaan (Kali for Women)
Date of publication, distribution, etc 2007
270 ## - ADDRESS
Address K-92, Ist Floor, Hauz Khas Enclave,
City New Delhi
Postal code 110 016
300 ## - PHYSICAL DESCRIPTION
Extent 314p.
Dimensions 22 cm (pbk)
942 ## - ADDED ENTRY ELEMENTS (KOHA)
Institution code [OBSOLETE] dpl
Koha item type English Books
Call number prefix N / IRA
Holdings
Withdrawn status Lost status Source of classification or shelving scheme Damaged status Not for loan Collection code Home library Current library Source of acquisition Cost, normal purchase price Total Checkouts Full call number Barcode Date last seen Copy number Uniform Resource Identifier Cost, replacement price Price effective from Koha item type
    Dewey Decimal Classification   Not For Loan Fiction D.B.Act.Division D.B.Act.Division DBAD/PUB 295.00   N IRA EN-72525 15/09/2008 1 10729 295.00 15/09/2008 English Books

© Delhi Public Library
Hit Counter
free hit counter